Toutes les gares ferroviaires du Lot-et-Garonne - Statistiques

Statistiques générales
  • Ce quiz a été pris 4 fois
  • Le résultat moyen est 5 sur 10
Statistiques - réponses
Fréquentation annuelle Nom de la gare % Correct
1 706 718 Agen
100%
651 852 Marmande
100%
260 616 Tonneins
75%
156 853 Aiguillon
50%
3 444 Sainte-Bazeille
50%
2 718 Laroque-Timbaut
25%
47 114 Monsempron-Libos
25%
17 126 Penne-d'Agenais
25%
82 324 Port-Sainte-Marie
25%
1 069 Sauveterre-la-Lémance
25%
Aucun quiz correspondant
Distribution des résultats
% des personnes avec chaque résultat
Percentile par nombre de réponses
Votre historique - résultats
Vous n’avez pas pris ce quiz